书目信息 |
| 题名: |
实用商务英语写作
|
|
| 作者: | 邬庆儿 主编 | |
| 分册: | ||
| 出版信息: | 北京 中国人民大学出版社 2017.07 |
|
| 页数: | 266页 | |
| 开本: | 26cm | |
| 丛书名: | ||
| 单 册: | ||
| 中图分类: | F7 , H319.36 | |
| 科图分类: | ||
| 主题词: | 商务--英语--写作--教材 | |
| 电子资源: | ||
| ISBN: | 978-7-300-24453-2 | |
| 000 | 00976nam0 2200277 450 | |
| 001 | 5407 | |
| 005 | 20181016163703.35 | |
| 010 | @a978-7-300-24453-2@dCNY45.00 | |
| 100 | @a20171018d2017 em y0chiy50 ea | |
| 101 | 0 | @achi@aeng |
| 102 | @aCN@b110000 | |
| 105 | @ay z 000yy | |
| 200 | 1 | @a实用商务英语写作@9shi yong shang wu ying yu xie zuo@f邬庆儿主编 |
| 205 | @a2版 | |
| 210 | @a北京@c中国人民大学出版社@d2017.07 | |
| 215 | @a266页@d26cm | |
| 300 | @a新视界商务英语系列教材/刘白玉总主编 | |
| 312 | @a封面英文题名:Practical business writing | |
| 330 | @a本书分为5个单元共18项写作任务,分别介绍求职与应聘、对外商务交际、内部事物处理、会展事务、业务往来等五大工作模块的内容,循序渐进,每种体裁均提供写作范例及分析,方便套用和学习。 | |
| 510 | 1 | @aPractical business writing@zeng |
| 606 | 0 | @a商务@x英语@x写作@j教材 |
| 690 | @aF7@v5 | |
| 690 | @aH319.36@v5 | |
| 701 | 0 | @a邬庆儿@9wu qing er@4主编 |
| 801 | 0 | @aCN@b91MARC@c20171018 |
| 905 | @aMuseLib@dF7@e1109=2 | |
| 实用商务英语写作/邬庆儿主编.-2版.-北京:中国人民大学出版社,2017.07 |
| 266页;26cm |
| 新视界商务英语系列教材/刘白玉总主编 |
| ISBN 978-7-300-24453-2:CNY45.00 |
| 本书分为5个单元共18项写作任务,分别介绍求职与应聘、对外商务交际、内部事物处理、会展事务、业务往来等五大工作模块的内容,循序渐进,每种体裁均提供写作范例及分析,方便套用和学习。 |
| ● |
| 相关链接 |
|
|
|
|
正题名:实用商务英语写作
索取号:F7/1109=2
 
预约/预借
| 序号 | 登录号 | 条形码 | 馆藏地/架位号 | 状态 | 备注 |
| 1 | 1129555 | 211295551 | 第一样本阅览室/ [索取号:F7/1109=2] | 在馆 | |
| 2 | 1129556 | 211295560 | 第一借阅区/ [索取号:F7/1109=2] | 在馆 | |
| 3 | 1129557 | 211295579 | 第一借阅区/ [索取号:F7/1109=2] | 在馆 | |
| 4 | 1129558 | 211295588 | 第一借阅区/ [索取号:F7/1109=2] | 在馆 | |
| 5 | 1129559 | 211295597 | 第一借阅区/ [索取号:F7/1109=2] | 在馆 |